| 000 | 00754nam a2200253Ia 4500 | ||
|---|---|---|---|
| 003 | OSt | ||
| 005 | 20220918221851.0 | ||
| 006 | a|||||r|||| 00| 0 | ||
| 007 | ta | ||
| 008 | 220917b |||||||| |||| 00| 0 eng d | ||
| 024 | _a210,437 | ||
| 037 | _cTextual | ||
| 040 |
_aARTS _cARTS _beng |
||
| 041 |
_2eng _aeng |
||
| 082 | _aQ233xN07, N4;N7 | ||
| 100 |
_aHughes John _953722 |
||
| 245 | 0 |
_aSelf realization in Kashmir shaivism _b The oral teachings of Swami Lakshmanjoo |
|
| 260 |
_aDelhi _bSri Satguru Publications India _c1997 |
||
| 300 |
_axxxiv, 139p. _ccm. |
||
| 490 | _aSri Garib Dass oriental series no.227 | ||
| 650 | _aRELIGION | ||
| 942 |
_hQ233xN07, N4;N7 _cTEXL _2CC |
||
| 999 |
_c273854 _d273854 |
||